| 000 | 00698nam a22001937a 4500 | ||
|---|---|---|---|
| 999 |
_c164916 _d164916 |
||
| 005 | 20190530112011.0 | ||
| 010 | _aUR-10161 | ||
| 020 |
_c300.00 _a9789388105446 |
||
| 035 | _aU-8716 | ||
| 037 | _bDBAD/PUB | ||
| 082 | _a840.08 | ||
| 100 | _aر ضو ا ن اللہ آ ر و ی | ||
| 245 |
_a چند کتا بيں چند خيا ل _cر ضو ا ن اللہ آ ر و ی |
||
| 246 |
_bChand Kitamen Chand Khayaal(Urdu) _aby Rizwanullah Arvi |
||
| 260 |
_a Delhi _bEducational Publishing House _c2018 ء |
||
| 270 |
_a3191،Vakil Street,Kucha Pandit,Lal Kuan, _bDelhi _e110006 _k23216162 _l00911123211540 |
||
| 300 |
_a251ص _c22 Cm(B.b) |
||
| 942 |
_2ddc _cUR _h840.8 _mآ ر و |
||